|
|
|
|
| LEADER |
00000nam0a2200000 4500 |
| 001 |
157863 |
| 005 |
20231031154032.0 |
| 010 |
|
|
|a 9785498071152
|
| 035 |
|
|
|a (RuTPU)RU\TPU\book\171230
|
| 090 |
|
|
|a 157863
|
| 100 |
|
|
|a 20090415d2009 m y0rusy50 ca
|
| 101 |
0 |
|
|a rus
|
| 102 |
|
|
|a RU
|
| 105 |
|
|
|a a j 001zy
|
| 200 |
1 |
|
|a Финансы
|e учебник
|f В. В. Бочаров, В. Е. Леонтьев, Н. П. Радковская
|
| 210 |
|
|
|a СПб.
|c Питер
|d 2009
|
| 215 |
|
|
|a 400 с.
|c ил.
|
| 320 |
|
|
|a Библиогр.: с. 391-395.
|
| 330 |
|
|
|a В учебнике представлены базовые концепции государственных, муниципальных, корпоративных и международных финансов. Рассмотрены методология и практика управления капиталом, активами и обязательствами в корпоративных объединениях, страховых и кредитных организациях. Учебник написан в соответствии с новейшими учебными стандартами и российским финансовым законодательством, рассчитан на двухуровневую систему преподавания. Книга предназначена бакалаврам, магистрам и аспирантам экономических вузов и бизнес-школ, может быть использована в качестве практического пособия специалистами финансово-кредитной системы России.
|
| 333 |
|
|
|a Исключено из фонда НТБ ТПУ
|
| 686 |
|
|
|a У9(2)26я73
|v LBC/SL-A
|2 rubbk
|
| 700 |
|
1 |
|a Бочаров
|b В. В.
|g Владимир Владимирович
|
| 701 |
|
1 |
|a Леонтьев
|b В. Е.
|g Владимир Евгеньевич
|
| 701 |
|
1 |
|a Радковская
|b Н. П.
|g Надежда Петровна
|
| 801 |
|
1 |
|a RU
|b 63413507
|c 20090415
|g PSBO
|
| 801 |
|
2 |
|a RU
|b 63413507
|c 20210204
|g PSBO
|
| 942 |
|
|
|c BK
|
| 959 |
|
|
|a 49/20090413
|d 2
|e 204,00
|f АНЛ:1
|f ЧЗГЛ:1
|